[Event "FIDE Open World Blitz 2021"]
[Site "Warsaw"]
[Date "2021.12.29"]
[Round "4.34"]
[White "Lima, Darcy"]
[Black "Sallam, Sabri Abdul-Mawla"]
[Result "1-0"]
[WhiteElo "2379"]
[BlackElo "2194"]
[Annotator "NA"]
[PlyCount "77"]
[EventDate "2021.12.29"]
[EventType "swiss"]
[EventCountry "POL"]
[Tiebreak "Cut1 Buchholz"]
[SourceTitle "playchess.com"]
[Source "ChessBase"]
[SourceQuality "1"]

1. d4 Nf6 2. c4 c6 3. Nf3 d5 4. Nbd2 g6 5. g3 Bg7 6. Bg2 O-O 7. O-O h6 8. b3
Ne4 9. Bb2 Nd7 10. e3 Kh7 11. Qe2 Ndf6 12. Rac1 Bg4 13. h3 Nxd2 14. Qxd2 Ne4
15. Qe2 Be6 16. Ne5 f6 17. Nd3 f5 18. h4 Rc8 19. Rc2 Qd7 20. Rfc1 Bf7 21. Qe1
g5 22. hxg5 hxg5 23. Ne5 Bxe5 24. dxe5 e6 25. f3 Nc5 26. Rd1 Qe7 27. Ba3 b6 28.
Kf2 Kg6 29. Qd2 Qb7 30. Rh1 Rh8 31. Rcc1 Nd7 32. Bd6 c5 33. f4 g4 34. cxd5 exd5
35. Rcd1 Rxh1 36. Rxh1 Qa6 37. Bf1 Qa5 38. Qxa5 bxa5 39. Ba6 1-0

[Event "FIDE Open World Blitz 2021"]
[Site "Warsaw"]
[Date "2021.12.29"]
[Round "4.35"]
[White "Corrales Jimenez, Fidel"]
[Black "Korobov, Anton"]
[Result "0-1"]
[WhiteElo "2523"]
[BlackElo "2684"]
[Annotator "ChessBase"]
[PlyCount "130"]
[EventDate "2021.12.29"]
[EventType "swiss"]
[EventCountry "POL"]
[Tiebreak "Cut1 Buchholz"]
[SourceTitle "playchess.com"]
[Source "ChessBase"]
[SourceQuality "1"]

1. e4 c5 2. Nf3 d6 3. d4 cxd4 4. Nxd4 Nf6 5. Nc3 a6 6. Bc4 e6 7. Be3 Be7 8. Qe2
O-O 9. Bb3 b5 10. a3 Bb7 11. f3 Nbd7 12. g4 Nc5 13. g5 Nfd7 14. h4 Nxb3 15.
Nxb3 Rc8 16. Rg1 Ne5 17. Nd2 d5 18. exd5 exd5 19. Qf2 Re8 20. Kf1 Qd7 21. Bd4
Nc6 22. Nb3 Nxd4 23. Nxd4 Rc4 24. Rd1 Bc5 25. Rg4 Bc8 26. Qg3 Qd8 27. Nce2 Bxg4
28. Qxg4 Bxd4 29. Nxd4 Qe7 30. c3 Qe3 31. Qg3 a5 32. Qf2 Qxf2+ 33. Kxf2 b4 34.
cxb4 axb4 35. b3 Rc3 36. a4 g6 37. Kg3 Kg7 38. Kf4 h6 39. a5 Ra8 40. Ra1 Ra6
41. Ra4 Rd3 42. Ke5 h5 43. f4 Rh3 44. f5 Rxh4 45. f6+ Kh7 46. Rxb4 Rg4 47. Rb7
Rxg5+ 48. Kf4 Rg4+ 49. Ke5 Kh6 50. Rxf7 Rxa5 51. Rf8 Re4+ 52. Kd6 Rxd4 53. Rh8+
Kg5 54. f7 Rf4 55. f8=Q Rxf8 56. Rxf8 Rb5 57. Rf3 h4 58. Kc6 Rb4 59. Kc5 Rb8
60. b4 Kg4 61. Rd3 g5 62. Rxd5 h3 63. Rd7 Rh8 64. Rd4+ Kf3 65. Rd3+ Ke2 0-1

[Event "FIDE Open World Blitz 2021"]
[Site "Warsaw"]
[Date "2021.12.29"]
[Round "4.35"]
[White "Blanco Acevedo, Cristobal Jose"]
[Black "Nevednichy, Vladislav"]
[Result "0-1"]
[WhiteElo "2350"]
[BlackElo "2379"]
[Annotator "NA"]
[PlyCount "86"]
[EventDate "2021.12.29"]
[EventType "swiss"]
[EventCountry "POL"]
[Tiebreak "Cut1 Buchholz"]
[SourceTitle "playchess.com"]
[Source "ChessBase"]
[SourceQuality "1"]

1. c4 g6 2. Nc3 Bg7 3. d4 d6 4. e4 e5 5. dxe5 dxe5 6. Qxd8+ Kxd8 7. h4 h5 8.
Nf3 f6 9. b3 Bf8 10. Bb2 c6 11. O-O-O+ Kc7 12. Na4 Nd7 13. g3 Nh6 14. Bh3 Ng4
15. Rhf1 Bh6+ 16. Kb1 Re8 17. c5 Bf8 18. Rc1 b5 19. cxb6+ axb6 20. Bxg4 hxg4
21. Ne1 Ba6 22. Rh1 Nc5 23. Nc3 Kb7 24. h5 g5 25. Ng2 Nxe4 26. Nxe4 Bd3+ 27.
Ka1 Bxe4 28. Rhg1 Rxa2+ 29. Kxa2 Ra8+ 30. Ba3 Bxa3 31. Rc4 Bc5+ 32. Ra4 Rxa4+
33. bxa4 Bxf2 34. Rf1 Bxg3 35. Rxf6 Bxg2 36. h6 Be4 37. h7 Bxh7 38. Rf7+ Ka6
39. Rxh7 Bf2 40. Rg7 g3 41. Rxg5 e4 42. Kb3 e3 43. Re5 g2 0-1

[Event "FIDE Open World Blitz 2021"]
[Site "Warsaw"]
[Date "2021.12.29"]
[Round "4.36"]
[White "Berchtenbreiter, Maximilian"]
[Black "Nihal Sarin"]
[Result "0-1"]
[WhiteElo "2506"]
[BlackElo "2650"]
[Annotator "ChessBase"]
[PlyCount "94"]
[EventDate "2021.12.29"]
[EventType "swiss"]
[EventCountry "POL"]
[Tiebreak "Cut1 Buchholz"]
[SourceTitle "playchess.com"]
[Source "ChessBase"]
[SourceQuality "1"]

1. e4 g6 2. d4 Bg7 3. Nc3 d6 4. Be2 Nc6 5. Be3 e5 6. d5 Nd4 7. Nf3 Nxf3+ 8.
Bxf3 f5 9. exf5 gxf5 10. Bh5+ Kf8 11. f4 e4 12. g3 Nf6 13. Be2 h5 14. Qd2 Bd7
15. h3 Kf7 16. Bd4 a6 17. Nd1 Bh6 18. Ne3 Rg8 19. Rg1 Bxf4 20. O-O-O Bxg3 21.
Rdf1 Be5 22. Rxg8 Qxg8 23. Nxf5 Bxf5 24. Rxf5 Bxd4 25. Qxd4 Qg7 26. Bxh5+ Ke7
27. Bg4 Rg8 28. Qf2 Qh6+ 29. Kd1 Qg6 30. Qf4 Nxg4 31. hxg4 Qxg4+ 32. Kd2 Qxf4+
33. Rxf4 Rg2+ 34. Kc3 Re2 35. a4 c6 36. dxc6 bxc6 37. b4 Ke6 38. Rh4 d5 39.
Rh6+ Ke5 40. Rxc6 d4+ 41. Kb3 Re1 42. Kb2 e3 43. b5 axb5 44. axb5 e2 45. Rc5+
Kd6 46. Rc6+ Kd7 47. Rc4 Rd1 0-1

[Event "FIDE Open World Blitz 2021"]
[Site "Warsaw"]
[Date "2021.12.29"]
[Round "4.36"]
[White "Wieczorek, Oskar"]
[Black "Petrovskyi, Vadym"]
[Result "1-0"]
[WhiteElo "2258"]
[BlackElo "2377"]
[Annotator "NA"]
[PlyCount "57"]
[EventDate "2021.12.29"]
[EventType "swiss"]
[EventCountry "POL"]
[Tiebreak "Cut1 Buchholz"]
[SourceTitle "playchess.com"]
[Source "ChessBase"]
[SourceQuality "1"]

1. e4 c5 2. Nf3 d6 3. d4 cxd4 4. Nxd4 Nf6 5. Nc3 a6 6. h4 e5 7. Nb3 Be7 8. Bg5
Be6 9. Bxf6 Bxf6 10. g3 O-O 11. Qd2 Qc7 12. O-O-O Rd8 13. Bh3 Nc6 14. g4 Nd4
15. g5 Nxb3+ 16. cxb3 Be7 17. Kb1 b5 18. h5 b4 19. Nd5 Bxd5 20. exd5 g6 21. f4
Qc5 22. hxg6 hxg6 23. Be6 fxe6 24. Qd3 Kg7 25. Rh6 Rg8 26. Rxg6+ Kf8 27. Rxg8+
Kxg8 28. Qg6+ Kf8 29. dxe6 1-0

[Event "FIDE Open World Blitz 2021"]
[Site "Warsaw"]
[Date "2021.12.29"]
[Round "4.37"]
[White "Niemann, Hans Moke"]
[Black "Saric, Ivan"]
[Result "1-0"]
[WhiteElo "2635"]
[BlackElo "2665"]
[Annotator "ChessBase"]
[PlyCount "55"]
[EventDate "2021.12.29"]
[EventType "swiss"]
[EventCountry "POL"]
[Tiebreak "Cut1 Buchholz"]
[SourceTitle "playchess.com"]
[Source "ChessBase"]
[SourceQuality "1"]

1. d4 c5 2. d5 Nf6 3. Nc3 g6 4. e4 d6 5. Bb5+ Bd7 6. a4 Bg7 7. Nf3 O-O 8. O-O
Bxb5 9. axb5 Nbd7 10. Bf4 Ne8 11. Re1 Nc7 12. Qe2 Nb6 13. Rad1 Bxc3 14. bxc3 f6
15. Bh6 Rf7 16. c4 Qd7 17. Nh4 e5 18. g3 a6 19. bxa6 Rxa6 20. Rb1 Re7 21. Rb3
Qa4 22. Reb1 Qxc4 23. Qf3 Nbxd5 24. exd5 Nxd5 25. Rd1 e4 26. Qg4 f5 27. Nxf5
Re8 28. Rxb7 1-0

[Event "FIDE Open World Blitz 2021"]
[Site "Warsaw"]
[Date "2021.12.29"]
[Round "4.37"]
[White "Heberla, Bartlomiej"]
[Black "Masternak, Grzegorz"]
[Result "1-0"]
[WhiteElo "2373"]
[BlackElo "2188"]
[Annotator "NA"]
[PlyCount "85"]
[EventDate "2021.12.29"]
[EventType "swiss"]
[EventCountry "POL"]
[Tiebreak "Cut1 Buchholz"]
[SourceTitle "playchess.com"]
[Source "ChessBase"]
[SourceQuality "1"]

1. d4 d5 2. c4 Nc6 3. Nc3 Nf6 4. Nf3 Bg4 5. cxd5 Nxd5 6. e4 Nxc3 7. bxc3 e5 8.
d5 Ne7 9. Qa4+ Bd7 10. Qb3 Ng6 11. Qxb7 Bd6 12. Be2 O-O 13. O-O Bc5 14. Qb3 Nf4
15. Bxf4 exf4 16. Rab1 Re8 17. Qc2 Bg4 18. Nd4 Bxd4 19. Bxg4 Bc5 20. Rfe1 Qf6
21. Bf3 Re5 22. Qa4 Rae8 23. Rb5 Bb6 24. c4 Bd4 25. Rb7 Bb6 26. Qb5 Qd6 27. h3
g6 28. a4 R8e7 29. a5 Bc5 30. Rb8+ Kg7 31. Rf1 h5 32. Rc8 a6 33. Qb8 Qd7 34.
Rg8+ Kf6 35. Rd8 Qa4 36. Qc8 Qxc4 37. Rd7 Rxd7 38. Qxd7 Bd6 39. Qc8 Qb5 40.
Qh8+ Ke7 41. Rc1 Qxa5 42. Rb1 Bb4 43. Qxe5+ 1-0

[Event "FIDE Open World Blitz 2021"]
[Site "Warsaw"]
[Date "2021.12.29"]
[Round "4.38"]
[White "Paravyan, David"]
[Black "Shoker, Samy"]
[Result "0-1"]
[WhiteElo "2642"]
[BlackElo "2504"]
[Annotator "ChessBase"]
[PlyCount "152"]
[EventDate "2021.12.29"]
[EventType "swiss"]
[EventCountry "POL"]
[Tiebreak "Cut1 Buchholz"]
[SourceTitle "playchess.com"]
[Source "ChessBase"]
[SourceQuality "1"]

1. e4 g6 2. d4 Bg7 3. Nf3 c5 4. d5 d6 5. Bb5+ Bd7 6. a4 Na6 7. O-O Nc7 8. Bc4
a6 9. a5 Bb5 10. Na3 Nf6 11. Qe2 Bxc4 12. Nxc4 O-O 13. Rd1 Nd7 14. Bg5 h6 15.
Bf4 Nf6 16. h3 Kh7 17. Bh2 Re8 18. Nb6 Rb8 19. Qd3 Nd7 20. Nc4 b5 21. axb6 Nxb6
22. Na5 Qd7 23. Nc6 Rb7 24. Ra2 f5 25. c4 fxe4 26. Qxe4 Qf5 27. Qxf5 gxf5 28.
Na5 Rbb8 29. Re1 Bf6 30. Bf4 Nd7 31. Re2 Rb4 32. b3 Nxd5 33. Bd2 Nc3 34. Bxc3
Bxc3 35. Nh4 f4 36. Re4 e5 37. Nf5 Rb6 38. g4 fxg3 39. fxg3 Kg6 40. g4 Nf6 41.
Ree2 e4 42. Kg2 Re6 43. Re3 Bd4 44. Ree2 Bc3 45. Re3 Bd4 46. Ree2 Bc3 47. Re3
Bd4 48. Ree2 h5 49. b4 Rxb4 50. Nc6 Rxc4 51. Nce7+ Kg5 52. h4+ Kxg4 53. Ra3 Rc3
54. Rxc3 Bxc3 55. Re3 Be5 56. Nh6+ Kxh4 57. Nc6 Kg5 58. Nf7+ Kg6 59. Nfd8 Re8
60. Ra3 Rg8 61. Rxa6 Kf5+ 62. Kf1 Rg3 63. Nf7 Rf3+ 64. Ke2 Bf4 65. Ra5 Re3+ 66.
Kf2 Rf3+ 67. Ke2 h4 68. Nd4+ Kg4 69. Nxf3 exf3+ 70. Kf1 h3 71. Kg1 h2+ 72. Kh1
f2 73. Ra1 Kf3 74. Nxd6 Bxd6 75. Rf1 Ne4 76. Rxf2+ Nxf2# 0-1

[Event "FIDE Open World Blitz 2021"]
[Site "Warsaw"]
[Date "2021.12.29"]
[Round "4.39"]
[White "Piorun, Kacper"]
[Black "Salem, A.R. Saleh"]
[Result "1/2-1/2"]
[WhiteElo "2634"]
[BlackElo "2690"]
[Annotator "ChessBase"]
[PlyCount "193"]
[EventDate "2021.12.29"]
[EventType "swiss"]
[EventCountry "POL"]
[Tiebreak "Cut1 Buchholz"]
[SourceTitle "playchess.com"]
[Source "ChessBase"]
[SourceQuality "1"]

1. e4 c5 2. Nc3 Nc6 3. Bb5 Nd4 4. a4 a6 5. Bc4 e6 6. Nf3 Qc7 7. d3 Nc6 8. O-O
Nf6 9. Re1 d6 10. d4 cxd4 11. Nxd4 Be7 12. Nxc6 Qxc6 13. Bd3 O-O 14. f4 b6 15.
Qf3 Bb7 16. Qh3 g6 17. f5 exf5 18. exf5 Rfe8 19. Bg5 Qc5+ 20. Be3 Qb4 21. fxg6
hxg6 22. Rf1 Qg4 23. Qxg4 Nxg4 24. Bxb6 Bg5 25. Rfe1 f5 26. Bc4+ Kh7 27. Bd5
Rxe1+ 28. Rxe1 Rb8 29. Bxb7 Rxb7 30. Nd5 Nf6 31. Nxf6+ Bxf6 32. a5 Bxb2 33. Re6
Be5 34. c4 Kg7 35. Re8 Kf7 36. Ra8 Bc3 37. Rxa6 Ke6 38. c5 dxc5 39. Bxc5+ Kd5
40. Bb6 g5 41. Ra8 g4 42. Kf2 Be5 43. Rd8+ Ke4 44. g3 Rh7 45. Kg2 Rb7 46. Re8
Kd5 47. a6 Rxb6 48. a7 Rb2+ 49. Kf1 Rb1+ 50. Ke2 Rb2+ 51. Kd3 Rb3+ 52. Kc2 Rb2+
53. Kc1 Ra2 54. a8=Q+ Rxa8 55. Rxa8 f4 56. Ra3 Ke4 57. Kd2 fxg3 58. hxg3 Bd6
59. Rb3 Be5 60. Ke2 Bd6 61. Rd3 Be5 62. Re3+ Kf5 63. Kd3 Bc7 64. Kc4 Bb6 65.
Re7 Kf6 66. Re4 Kf5 67. Kd5 Bc7 68. Re3 Bb8 69. Rb3 Bc7 70. Kd4 Bd6 71. Rd3 Bb8
72. Kc3 Be5+ 73. Kd2 Ke4 74. Ke2 Bd4 75. Ra3 Be5 76. Rc3 Kf5 77. Re3 Bd4 78.
Rd3 Be5 79. Kd2 Ke4 80. Kc2 Bd4 81. Ra3 Bc5 82. Rb3 Bd6 83. Rd3 Bc5 84. Kc3 Bb6
85. Kc4 Bc7 86. Rb3 Be5 87. Kc5 Bc7 88. Kc6 Be5 89. Kd7 Bxg3 90. Rxg3 Kf4 91.
Rg1 g3 92. Ke6 Kf3 93. Kf5 g2 94. Ra1 Kf2 95. Kf4 g1=Q 96. Rxg1 Kxg1 97. Ke4
1/2-1/2

[Event "FIDE Open World Blitz 2021"]
[Site "Warsaw"]
[Date "2021.12.29"]
[Round "4.40"]
[White "Kobalia, Mikhail"]
[Black "Bartel, Mateusz"]
[Result "1-0"]
[WhiteElo "2600"]
[BlackElo "2619"]
[Annotator "ChessBase"]
[PlyCount "87"]
[EventDate "2021.12.29"]
[EventType "swiss"]
[EventCountry "POL"]
[Tiebreak "Cut1 Buchholz"]
[SourceTitle "playchess.com"]
[Source "ChessBase"]
[SourceQuality "1"]

1. e4 e6 2. d4 d5 3. Nd2 Be7 4. e5 c5 5. Qg4 Kf8 6. dxc5 Nc6 7. Qe2 Bxc5 8. Nb3
Bb6 9. f4 a5 10. a4 Bd7 11. Be3 Nge7 12. Qf2 Bxe3 13. Qxe3 Nb4 14. Bd3 Rc8 15.
Nf3 Rxc2 16. O-O Rxb2 17. Nbd4 Nxd3 18. Qxd3 Rb4 19. Kh1 g6 20. g4 h5 21. f5
hxg4 22. fxe6 gxf3 23. Rxf3 Rxd4 24. Rxf7+ Kg8 25. Qxd4 Bxe6 26. Rf6 Bf5 27.
Rg1 Be4+ 28. Rg2 Qc8 29. Kg1 Bxg2 30. e6 Qc7 31. Rf8+ Kxf8 32. Qf6+ Ke8 33.
Qxh8+ Ng8 34. Qxg8+ Ke7 35. Qf7+ Kd6 36. Qf4+ Kc6 37. Qc1+ Kb6 38. Qe3+ d4 39.
Qxd4+ Kc6 40. Qc3+ Kd6 41. Qg3+ Kc6 42. Qc3+ Kd6 43. Qg3+ Kc6 44. Qc3+ 1-0

[Event "FIDE Open World Blitz 2021"]
[Site "Warsaw"]
[Date "2021.12.29"]
[Round "4.41"]
[White "Saraci, Nderim"]
[Black "Pichot, Alan"]
[Result "1-0"]
[WhiteElo "2486"]
[BlackElo "2630"]
[Annotator "ChessBase"]
[PlyCount "79"]
[EventDate "2021.12.29"]
[EventType "swiss"]
[EventCountry "POL"]
[Tiebreak "Cut1 Buchholz"]
[SourceTitle "playchess.com"]
[Source "ChessBase"]
[SourceQuality "1"]

1. d4 Nf6 2. c4 e6 3. Nc3 Bb4 4. Qc2 O-O 5. Nf3 d6 6. g3 b6 7. Bg2 Bb7 8. O-O
Bxc3 9. Qxc3 Nbd7 10. b3 a5 11. a3 Be4 12. Bb2 c6 13. Rfe1 b5 14. c5 Bxf3 15.
exf3 Nd5 16. Qc2 Qe7 17. Rac1 Rac8 18. f4 Qf6 19. cxd6 Rfd8 20. Qd2 a4 21. bxa4
bxa4 22. Bc3 N7b6 23. Bb4 Nxb4 24. Qxb4 Nd5 25. Qxa4 Rxd6 26. Bxd5 exd5 27. Rc3
h6 28. h4 Re6 29. Rce3 Rxe3 30. Rxe3 Qf5 31. Qb3 c5 32. Re5 c4 33. Qb7 Qg4 34.
Rxd5 c3 35. Rd7 Re8 36. Rc7 c2 37. Kg2 Qd1 38. Qc6 Re2 39. Qd7 Kh7 40. Qf5+ 1-0

[Event "FIDE Open World Blitz 2021"]
[Site "Warsaw"]
[Date "2021.12.29"]
[Round "4.42"]
[White "Timofeev, Artyom"]
[Black "Demchenko, Anton"]
[Result "1/2-1/2"]
[WhiteElo "2586"]
[BlackElo "2655"]
[Annotator "ChessBase"]
[PlyCount "117"]
[EventDate "2021.12.29"]
[EventType "swiss"]
[EventCountry "POL"]
[Tiebreak "Cut1 Buchholz"]
[SourceTitle "playchess.com"]
[Source "ChessBase"]
[SourceQuality "1"]

1. Nf3 Nf6 2. Nc3 c5 3. e4 d6 4. Bc4 e6 5. O-O Be7 6. d3 O-O 7. a3 Nc6 8. Ba2
Rb8 9. Ne2 e5 10. Bg5 Be6 11. Bxf6 Bxf6 12. Nc3 g6 13. Nd5 Bg7 14. c3 Ne7 15.
Nxe7+ Qxe7 16. b4 Rbc8 17. Bxe6 Qxe6 18. c4 b6 19. Re1 Bh6 20. h3 f5 21. bxc5
Rxc5 22. Qe2 fxe4 23. Qxe4 Rc7 24. Qg4 Qxg4 25. hxg4 Rf4 26. g5 Bf8 27. a4 e4
28. Nd4 Kf7 29. g3 Rg4 30. Nb5 Rd7 31. dxe4 a6 32. Nc3 Bg7 33. Rac1 Bxc3 34.
Rxc3 Rxg5 35. Rb3 Ra5 36. Rb4 g5 37. f4 gxf4 38. gxf4 Ke6 39. Rxb6 Rxa4 40. c5
Rc4 41. Rxd6+ Rxd6 42. cxd6 Kxd6 43. Kf2 a5 44. Kf3 a4 45. Rd1+ Ke6 46. Rd8 h5
47. f5+ Kf6 48. Rd6+ Ke7 49. Re6+ Kf7 50. Ra6 h4 51. e5 h3 52. Ra7+ Ke8 53. e6
h2 54. Kg2 Rc2+ 55. Kh1 Rf2 56. Ra8+ Ke7 57. Ra7+ Ke8 58. Ra8+ Ke7 59. Ra7+
1/2-1/2

[Event "FIDE Open World Blitz 2021"]
[Site "Warsaw"]
[Date "2021.12.29"]
[Round "4.43"]
[White "Harikrishna, Pentala"]
[Black "Yuffa, Daniil"]
[Result "1-0"]
[WhiteElo "2614"]
[BlackElo "2567"]
[Annotator "ChessBase"]
[PlyCount "143"]
[EventDate "2021.12.29"]
[EventType "swiss"]
[EventCountry "POL"]
[Tiebreak "Cut1 Buchholz"]
[SourceTitle "playchess.com"]
[Source "ChessBase"]
[SourceQuality "1"]

1. e4 Nf6 2. e5 Nd5 3. d4 d6 4. Nf3 dxe5 5. Nxe5 c6 6. Be2 Bf5 7. O-O Nd7 8.
Nf3 e6 9. c4 N5f6 10. Nc3 Bd6 11. d5 cxd5 12. cxd5 e5 13. Nb5 Bb8 14. d6 O-O
15. Bg5 a6 16. Nc3 Qb6 17. Nd5 Nxd5 18. Qxd5 Qxd6 19. Qxb7 Ra7 20. Qb3 e4 21.
Rfd1 Qg6 22. Be3 exf3 23. Bxf3 Bc2 24. Qa3 Bxd1 25. Rxd1 Rc7 26. h4 Ne5 27. Be2
Rd7 28. Rc1 h5 29. Bg5 Ng4 30. Qxf8+ Kh7 31. Qxb8 f6 32. Bxg4 hxg4 33. Be3 Qe4
34. Qf4 Qe6 35. b3 Rd3 36. Qc4 Qd7 37. Re1 a5 38. Qc2 Kg8 39. h5 Qf5 40. h6 g5
41. Qc7 Qg6 42. Qg7+ Qxg7 43. hxg7 Kxg7 44. g3 Kg6 45. Rc1 a4 46. bxa4 Ra3 47.
Ra1 f5 48. Bc5 Rxa4 49. a3 f4 50. Bb4 Kf5 51. Kf1 Ke4 52. Ke2 Ra8 53. a4 Rh8
54. Re1 Rb8 55. Kd2+ Kf3 56. Bc5 Ra8 57. Ra1 Ra5 58. Bb6 Rd5+ 59. Kc3 fxg3 60.
fxg3 Kxg3 61. a5 Rf5 62. a6 Rf8 63. a7 Ra8 64. Rd1 Kf3 65. Rd8 Rxa7 66. Bxa7 g3
67. Rg8 g4 68. Kd2 g2 69. Bg1 Kg3 70. Ke3 Kh3 71. Rh8+ Kg3 72. Bh2# 1-0

[Event "FIDE Open World Blitz 2021"]
[Site "Warsaw"]
[Date "2021.12.29"]
[Round "4.44"]
[White "Vokhidov, Shamsiddin"]
[Black "Donchenko, Alexander"]
[Result "1/2-1/2"]
[WhiteElo "2613"]
[BlackElo "2645"]
[Annotator "ChessBase"]
[PlyCount "80"]
[EventDate "2021.12.29"]
[EventType "swiss"]
[EventCountry "POL"]
[Tiebreak "Cut1 Buchholz"]
[SourceTitle "playchess.com"]
[Source "ChessBase"]
[SourceQuality "1"]

1. e4 c6 2. d4 d5 3. e5 Bf5 4. h4 h5 5. c4 e6 6. Nc3 Ne7 7. Nge2 Nd7 8. Bg5 Qb6
9. Ng3 Qxb2 10. Rc1 f6 11. exf6 gxf6 12. Be3 Bg4 13. f3 Nf5 14. Rc2 Qb4 15.
Nxf5 Bxf5 16. Bd3 Bxd3 17. Qxd3 Qxc4 18. Qg6+ Kd8 19. Kf2 Bb4 20. Ne2 Qa6 21.
Nf4 Re8 22. Qf7 c5 23. Rb1 Re7 24. Qxh5 cxd4 25. Bxd4 Bd6 26. Qh8+ Re8 27.
Nxe6+ Ke7 28. Qg7+ Kxe6 29. Re1+ Be5 30. f4 Rg8 31. Qh7 Qa4 32. Bxe5 fxe5 33.
f5+ Kf6 34. Qh6+ Ke7 35. Qe6+ Kf8 36. Rc7 Qf4+ 37. Kg1 Qd4+ 38. Kf1 Qf4+ 39.
Kg1 Qd4+ 40. Kf1 Qf4+ 1/2-1/2

[Event "FIDE Open World Blitz 2021"]
[Site "Warsaw"]
[Date "2021.12.29"]
[Round "4.45"]
[White "Bologan, Victor"]
[Black "Bluebaum, Matthias"]
[Result "1/2-1/2"]
[WhiteElo "2574"]
[BlackElo "2609"]
[Annotator "ChessBase"]
[PlyCount "123"]
[EventDate "2021.12.29"]
[EventType "swiss"]
[EventCountry "POL"]
[Tiebreak "Cut1 Buchholz"]
[SourceTitle "playchess.com"]
[Source "ChessBase"]
[SourceQuality "1"]

1. e4 e6 2. d3 d5 3. Qe2 Nc6 4. Nf3 e5 5. c3 Nf6 6. g3 dxe4 7. dxe4 a5 8. Bg2
Bc5 9. O-O O-O 10. Nh4 Bg4 11. Bf3 Bxf3 12. Qxf3 Qd7 13. Kg2 Ne8 14. Nf5 Ne7
15. Rd1 Qe6 16. Be3 Bxe3 17. Nxe3 Nd6 18. Nd2 a4 19. Qe2 b5 20. c4 Nc6 21. cxb5
Nd4 22. Qd3 N6xb5 23. Qc4 Qb6 24. Rac1 Qb7 25. Qc5 Rfe8 26. Nd5 c6 27. Ne3 Qd7
28. Ndc4 Qe6 29. Qb4 Qg6 30. f3 Qf6 31. Rf1 h5 32. h4 Qg6 33. Qd2 Rad8 34. Qf2
Nc7 35. Kh2 Na6 36. a3 Nc5 37. Rcd1 Qe6 38. Rd2 Ncb3 39. Rdd1 Rd7 40. Qg2 Red8
41. Qf2 f6 42. Kg2 g6 43. Kh2 Kg7 44. Kg2 Nb5 45. Rxd7+ Rxd7 46. Qe2 N5d4 47.
Qf2 Qe8 48. Rd1 Qd8 49. Rd3 Nc5 50. Rd1 Ncb3 51. Rd3 Kh7 52. Rd1 Nc5 53. Rd2
Ndb3 54. Rxd7+ Qxd7 55. Qe2 Nd4 56. Qd1 Qb7 57. Qd2 Qb3 58. Qd1 Qb5 59. Qd2 Qb8
60. Qd1 Qb5 61. Qd2 Qb3 62. Qd1 1/2-1/2

[Event "FIDE Open World Blitz 2021"]
[Site "Warsaw"]
[Date "2021.12.29"]
[Round "4.46"]
[White "Michalik, Peter"]
[Black "Dziuba, Marcin"]
[Result "1-0"]
[WhiteElo "2605"]
[BlackElo "2568"]
[Annotator "ChessBase"]
[PlyCount "73"]
[EventDate "2021.12.29"]
[EventType "swiss"]
[EventCountry "POL"]
[Tiebreak "Cut1 Buchholz"]
[SourceTitle "playchess.com"]
[Source "ChessBase"]
[SourceQuality "1"]

1. e4 c6 2. Nf3 d5 3. d3 Bg4 4. h3 Bxf3 5. Qxf3 e6 6. g3 g6 7. Bg2 Bg7 8. O-O
Nd7 9. Nd2 Ne7 10. Qe2 a5 11. a4 h5 12. Nf3 Qb6 13. Re1 Rd8 14. d4 dxe4 15.
Qxe4 O-O 16. c3 Nf6 17. Qe2 c5 18. Bg5 Nc6 19. Qb5 Qa7 20. Qxc5 Qxc5 21. dxc5
Rd5 22. Be3 Rd7 23. Nd2 Nd5 24. Nc4 Nxe3 25. Rxe3 Rfd8 26. Bxc6 bxc6 27. Nxa5
Rc8 28. Nc4 Rcd8 29. a5 Rd1+ 30. Re1 R1d5 31. a6 Rxc5 32. a7 Rxc4 33. a8=Q Rxa8
34. Rxa8+ Kh7 35. Ra7 Kg8 36. Rd1 Rc5 37. Rd8+ 1-0

[Event "FIDE Open World Blitz 2021"]
[Site "Warsaw"]
[Date "2021.12.29"]
[Round "4.47"]
[White "Parligras, Mircea-Emilian"]
[Black "Efimenko, Zahar"]
[Result "0-1"]
[WhiteElo "2576"]
[BlackElo "2601"]
[Annotator "ChessBase"]
[PlyCount "48"]
[EventDate "2021.12.29"]
[EventType "swiss"]
[EventCountry "POL"]
[Tiebreak "Cut1 Buchholz"]
[SourceTitle "playchess.com"]
[Source "ChessBase"]
[SourceQuality "1"]

1. d4 d6 2. e4 g6 3. Nf3 Nf6 4. Bd3 Bg7 5. O-O O-O 6. Re1 Bg4 7. Nbd2 Nc6 8. h3
Bxf3 9. Nxf3 e5 10. dxe5 Nxe5 11. Nxe5 dxe5 12. Bg5 h6 13. Bxf6 Qxf6 14. Bc4
Rad8 15. Qe2 Rd6 16. Rad1 Rfd8 17. c3 c6 18. Bb3 Bf8 19. g3 Rxd1 20. Rxd1 Rxd1+
21. Qxd1 Bc5 22. Qd2 Qf3 23. Kh2 Bxf2 24. Qxh6 Qxg3+ 0-1

[Event "FIDE Open World Blitz 2021"]
[Site "Warsaw"]
[Date "2021.12.29"]
[Round "4.48"]
[White "Durarbayli, Vasif"]
[Black "Klekowski, Maciej"]
[Result "1-0"]
[WhiteElo "2599"]
[BlackElo "2499"]
[Annotator "ChessBase"]
[PlyCount "83"]
[EventDate "2021.12.29"]
[EventType "swiss"]
[EventCountry "POL"]
[Tiebreak "Cut1 Buchholz"]
[SourceTitle "playchess.com"]
[Source "ChessBase"]
[SourceQuality "1"]

1. e4 c5 2. Nf3 Nc6 3. Bb5 g6 4. O-O Bg7 5. c3 Nf6 6. Re1 O-O 7. d4 d5 8. e5
Ne4 9. Be3 cxd4 10. cxd4 Qb6 11. Bxc6 bxc6 12. Qc1 Ba6 13. Nc3 Nxc3 14. Qxc3
Bc8 15. Rac1 Rb8 16. b3 Bd7 17. Bf4 Rb7 18. Qe3 Bg4 19. Rc5 Rc8 20. Rec1 Bxf3
21. Qxf3 e6 22. Be3 Bf8 23. R5c2 a5 24. h4 a4 25. bxa4 Qa6 26. a5 c5 27. dxc5
Qxa5 28. h5 Rbc7 29. g3 Qb4 30. Kg2 d4 31. Bd2 Qb5 32. hxg6 fxg6 33. c6 Qxe5
34. Bf4 Qb5 35. Bxc7 Rxc7 36. Qe4 e5 37. a4 Qa5 38. Rb2 Qxa4 39. Qxe5 Re7 40.
Qd5+ Kg7 41. c7 Qa3 42. Qxd4+ 1-0

[Event "FIDE Open World Blitz 2021"]
[Site "Warsaw"]
[Date "2021.12.29"]
[Round "4.49"]
[White "Teclaf, Pawel"]
[Black "Erdos, Viktor"]
[Result "1-0"]
[WhiteElo "2543"]
[BlackElo "2599"]
[Annotator "ChessBase"]
[PlyCount "75"]
[EventDate "2021.12.29"]
[EventType "swiss"]
[EventCountry "POL"]
[Tiebreak "Cut1 Buchholz"]
[SourceTitle "playchess.com"]
[Source "ChessBase"]
[SourceQuality "1"]

1. c4 g6 2. g3 Bg7 3. Bg2 c6 4. Nf3 d5 5. O-O e5 6. d3 Ne7 7. Qc2 O-O 8. Rd1 h6
9. Nc3 Be6 10. b3 Nd7 11. Ba3 Re8 12. cxd5 cxd5 13. Rac1 Rc8 14. Qd2 Qa5 15.
Bxe7 d4 16. Na4 Qxd2 17. Nxd2 Rxc1 18. Rxc1 Rxe7 19. Bxb7 Nb6 20. Nxb6 Rxb7 21.
Na4 Bf8 22. Ne4 Be7 23. Kf1 Bd5 24. Rc8+ Kg7 25. Nec5 Rb5 26. Rc7 Bf8 27. Nd7
Bd6 28. Rxa7 e4 29. Ra6 Be7 30. Ne5 exd3 31. Nxd3 Rb8 32. Ra5 Be6 33. Ra7 Bd6
34. Ra6 Bf8 35. Rc6 Bd5 36. Rc2 Be4 37. Nac5 Ra8 38. Nxe4 1-0